00000000cas 2200000zi 4500
0019.962967
003CaOODSP
00520260525142304
006m     o  d f      
007cr cn ||||||||
008260521d19831984oncmx p o    f0### 0fre|d
022 |y0822-4242
040 |aCaOODSP|bfre|erda|cCaOODSP
043 |an-cn---
0861 |aMe21-3F-PDF
24500|aMétrique.
264 1|aOttawa (Ontario) : |bCommission du système métrique Canada
310 |aDix fois par année
336 |atexte|btxt|2rdacontent/fre
337 |ainformatique|bc|2rdamedia/fre
338 |aressource en ligne|bcr|2rdacarrier/fre
3621 |aParaît depuis juin 1983? Ne paraît plus après octobre 1984?
500 |aPublié aussi en anglais sous le titre : Metric.
500 |aÉdition numérisée de l'imprimé [par Innovation, sciences et développement économique Canada].
588 |aDescription d'après : Janvier 1984; titre de départ du fichier PDF.
588 |aDernière livraison consultée : Octobre 1984.
650 6|aSystème métrique|zCanada|vPériodiques.
655 7|aPériodiques|2rvmgf
7102 |aCommission du système métrique Canada, |eorganisme de publication.
77508|tMetric.|w(CaOODSP)9.962968
78000|tMoniteur métrique.|w(CaOODSP)9.962964